Statistics for European Geography By Letter - F

Click here to take the quiz!

General Stats

  • This quiz has been taken 46,210 times
    (14,609 since last reset)
  • The average score is 13 of 20

Answer Stats

Clue Answer % Correct
Place that stereotypically enjoys
cheese, berets, and mimes
France
95%
Birthplace of the RenaissanceFlorence
93%
Germany's financial centerFrankfurt
93%
Official name of RussiaRussian
{Federation}
91%
Type of inlet notably found in NorwayFjord
85%
Known in its own language as SuomiFinland
83%
Iceland's top exportFish
83%
Dutch-speaking part of BelgiumFlanders
75%
Heraldic symbol of the above{Fleur}-de-Lis
75%
Specific dialect spoken in that regionFlemish
70%
Danish islands known for whaling{Faroe} Islands
66%
Name of the above in ItalianFirenze
62%
Street of the old British newspapers
(and a demon barber)
{Fleet} Street
58%
Inlet on which Edinburgh is located{Firth} of Forth
44%
London area whose football team
plays at Craven Cottage
Fulham
44%
Three-letter term for an English marshFen
39%
Rome's main airportFiumicino
26%
Capital of MadeiraFunchal
25%
City in southwest GermanyFreiburg
24%
Region along the North Sea coast of
Germany and the Netherlands
Frisia
20%

Score Distribution

Percentile by Number Answered

Percent of People with Each Score

Your Score History

You have not taken this quiz since the last reset